000 00749nmc a2200277 a 4500
003 AR-BaBNM
005 20251128202904.0
008 011101s1961 ||||||||||||||000 | spa||
040 _cAR-BaBNM
245 1 0 _a20 relatos argentinos
_b1838-1887
246 1 _aVeinte relatos argentinos
_b1838-1887
260 _aBuenos Aires
_bEudeba
_c1961
300 0 _a182 p.
490 0 _aSerie del siglo y medio
_vv. 25
500 0 _aDonación Ana Adela de Machini
650 4 _aLITERATURA ARGENTINA
650 4 _aHISTORIA ARGENTINA
650 4 _aCUENTOS
650 4 _aANTOLOGIAS
650 4 _aESCRITORES
650 4 _aHISTORIA LITERARIA
655 _aLITERATURA
700 1 _aPagés Larraya, Antonio
_ecompilador
942 _cBK
998 _cMARTIN
999 _c1056
_d1056